|
|
|
|
| LEADER |
00000nam2a2200000 4500 |
| 001 |
26944 |
| 005 |
20231030201902.0 |
| 010 |
|
|
|a 5752511313
|
| 035 |
|
|
|a (RuTPU)RU\TPU\book\27189
|
| 035 |
|
|
|a BOOK00027264
|
| 090 |
|
|
|a 26944
|
| 100 |
|
|
|a 20011209d2000 m y0rusy50 ca
|
| 101 |
1 |
|
|a rus
|c fre
|
| 102 |
|
|
|a RU
|
| 105 |
|
|
|a y j 000zy
|
| 200 |
0 |
|
|a Т. 1
|
| 210 |
|
|
|d 2000
|
| 215 |
|
|
|a 944 с.
|
| 461 |
|
1 |
|0 (RuTPU)RU\TPU\book\14308
|t Квантовая механика
|o пер. с фр.
|o в 2 т.
|f К. Коэн-Таннуджи, Б. Диу, Ф. Лалоэ
|v Т. 1
|d 2000-
|
| 610 |
1 |
|
|a физика
|
| 610 |
1 |
|
|a квантовая механика
|
| 610 |
1 |
|
|a нерелятивистская механика
|
| 610 |
1 |
|
|a волны
|
| 610 |
1 |
|
|a частицы
|
| 610 |
1 |
|
|a математические методы
|
| 610 |
1 |
|
|a постулаты
|
| 610 |
1 |
|
|a гамильтонианта
|
| 610 |
1 |
|
|a гармонические осцилляторы
|
| 610 |
1 |
|
|a теория
|
| 610 |
1 |
|
|a задачи
|
| 610 |
1 |
|
|a упражнения
|
| 610 |
1 |
|
|a учебные пособия
|
| 675 |
|
|
|a 530.145(075.8)
|v 3
|
| 801 |
|
0 |
|a RU
|b 63413507
|c 20011209
|g PSBO
|
| 801 |
|
2 |
|a RU
|b 63413507
|c 20150312
|g PSBO
|
| 942 |
|
|
|c BK
|